| 000 | 00683nam a22002177a 4500 | ||
|---|---|---|---|
| 003 | IT-MiCISF | ||
| 005 | 20240704145253.0 | ||
| 008 | 240704b |||||||| |||| 00| 0 eng d | ||
| 040 | _cIT-MiCISF | ||
| 041 | _ait | ||
| 100 |
_aManageritalia (a cura di) _960876 |
||
| 245 | _aParità di genere è anche questione di managerialità | ||
| 250 | _a"Dirigente. La rivista di Manageritalia", n. 3, marzo | ||
| 260 | _c2024 | ||
| 300 | _app- 6-22 | ||
| 500 | _adonna, lavoro, statistica, donna-lavoratrice | ||
| 650 | _aDonna | ||
| 654 | _adossier | ||
| 700 |
_aGriffini W., Spagna C., Balducci A., Trabucchi B., Galbiati M., Querzè R., Volpato C. _960877 |
||
| 942 |
_2ddc _cCR |
||
| 999 |
_c360182 _d360184 |
||